Largest Islands of the Arctic Ocean Quiz Stats

 Plays Quiz not verified by Sporcle

Score 0/20 Timer 04:00
0 Plays Today
Area (km²) Island % Correct
507.451Baffin Island
88.7%
14.443Nordaustlandet
68.3%
39.044Spitsbergen
68.1%
196.236Ellesmere Island
65.9%
217.291Victoria Island
63.1%
48.904Severny Island (Novaya Zemlya)
38.3%
70.028Banks Island
36.3%
33.275Yuzhny Island (Novaya Zemlya)
35.4%
55.247Devon Island
30.4%
33.339Prince of Wales Island
23.9%
Area (km²) Island % Correct
14.170October Revolution Island
21.5%
42.149Melville Island
19.3%
41.214Southampton Island
18.9%
43.178Axel Heiberg Island
18.7%
24.786Somerset Island
16.9%
11.312Ostrov Bolshevik
14.8%
13.111King William Island
14.6%
16.042Bathurst Island
14.4%
15.848Prince Patrick Island
14.4%
23.165Kotelny Island
10.6%

You're not logged in!

Compare scores with friends on all Sporcle quizzes.
OR
Log In

Sporcle TV

Today on Sporcle TV


Watch our educational content, quiz creation guides, and fun videos on Sporcle TV.

Show Comments

Extras

Top Quizzes Today


Score Distribution

Your Account Isn't Verified!

In order to create a playlist on Sporcle, you need to verify the email address you used during registration. Go to your Sporcle Settings to finish the process.

Report this User

Report this user for behavior that violates our Community Guidelines.

Details: